000 00462nam a2200169Ia 4500
999 _c29779
_d29779
003 OSt
005 20201130133621.0
008 190216s9999||||xx |||||||||||||| ||und||
040 _coclc
082 _a894.8124
_bMEN/P
100 _aMenon, Asha
_97046
245 0 _aPrathirodhangal /
_cAsha Menon
260 _bH&C Books,
_c2006.
_aThrissur:
300 _a111p
650 _aLekhanam
942 _cBK
_2ddc
_h894.8124
_iMEN/P
_k894.8124
_mMEN/P